000
00272nam a2200121Ia 4500
008
190216s9999||||xx |||||||||||||| ||und||
100
_a
Uroob
245
0
_a
Mindapennu
260
_b
Poorna Pubs Kozhikode
_c
1987
300
_a
99p
650
_a
Malayalam Novel
942
_c
BK
999
_c
26492
_d
26492